Aplikácia stresových techník v manažmente rizika podniku habilitačná práca

Salvato in:
Dettagli Bibliografici
Autore principale: Rybárová, Daniela, 1967-
Ente Autore: Fakulta podnikového manažmentu EU. Katedra podnikovohospodárska
Altri autori: Majdúchová, Helena, 1963-
Natura: Libro
Lingua:slovacco
Pubblicazione: Bratislava 2017
Soggetti:
Tags: Aggiungi Tag
Nessun Tag, puoi essere il primo ad aggiungerne!!

MARC

LEADER 00000nbm a2200000 4500
001 0246242
005 20230217112920.8
041 0 |a slo 
044 |a SK 
245 1 0 |a Aplikácia stresových techník v manažmente rizika podniku  |b habilitačná práca  |c Daniela Rybárová ; oponent: Helena Majdúchová... [et al.] 
264 1 |a Bratislava  |c 2017 
300 |a 146 s. 
610 2 0 |a riadenie podnikové 
610 2 0 |a riadenie rizík 
610 2 0 |a stresy 
610 2 0 |a testy 
610 2 0 |a riziko finančné 
610 2 0 |a rady časové 
610 2 0 |a modely ekonometrické 
100 1 |a Rybárová, Daniela, 1967- 
700 1 |a Majdúchová, Helena, 1963- 
710 2 |a Fakulta podnikového manažmentu EU. Katedra podnikovohospodárska